000 00360nam a2200145Ia 4500
008 240624s9999 xx 000 0 und d
041 _aeng
082 _a657 KUM
100 _aKUMAR RAVINDER
245 _aAUDITING PRINCIPLES AND PRACTICE
250 _a(3rd ed.)
260 _c2015
_aNew Delhi
_bPHI
300 _axx, : 556 : p. : cm. ; 26
365 _cRS
_b33
999 _c24511
_d24511